Devine le tableau - Renaissance #1 - Statistiques

Statistiques générales
  • Ce quiz a été pris 457 fois
  • Le résultat moyen est 4 sur 10
Statistiques - réponses
Par images Hint Réponse % Correct
La Joconde
97%
La Cène
87%
L'Ecole d'Athènes
43%
Lucas Cranach l'Ancien, 1531 Les trois Grâces
31%
L'Eté
31%
Saint Jean-Baptiste
25%
Jean Fouquet, 1452-58 La Vierge et l'Enfant entourés d'anges
21%
Titien, 1533 Portrait de Charles V avec un chien
9%
Jan van Eyck, 1435 Le Chancelier Rolin en prière devant la Vierge
8%
Hans Holbein, 1539 Portrait d'Anne de Clèves
8%
Aucun quiz correspondant
Distribution des résultats
% des personnes avec chaque résultat
Percentile par nombre de réponses
Votre historique - résultats
Vous n’avez pas pris ce quiz